000 00191 a2200097 4500
020 _a9780516258911
041 _aspa
100 _aBring Mcdaniel becky
245 _aKathy lo hizo
942 _cBK
999 _c10803
_d10803